Subdivisons les plus peuplées d'Amérique - Statistiques

Statistiques générales
  • Ce quiz a été pris 17 fois
  • Le résultat moyen est 16 sur 26
Statistiques - réponses
Pays Population Subdivision % Correct
États-Unis 38 965 193 Californie
94%
États-Unis 19 571 216 New-York
94%
Brésil 17 264 943 Rio de Janeiro
94%
Brésil 45 919 049 São Paulo
94%
États-Unis 30 503 301 Texas
88%
Argentine 17 569 053 Buenos Aires
82%
États-Unis 22 610 726 Floride
82%
États-Unis 12 549 689 Illinois
76%
Mexique 17 102 000 Mexico
76%
Canada 8 501 833 Québec
76%
Colombie* 11 545 300 Cundinamarca et Bogota
71%
Pérou 11 321 000 Lima
71%
Canada 14 223 942 Ontario
71%
États-Unis 10 037 261 Michigan
65%
États-Unis 12 961 683 Pennsylvanie
65%
États-Unis 10 835 491 Caroline du Nord
59%
États-Unis 11 029 227 Géorgie
53%
États-Unis 11 785 935 Ohio
53%
États-Unis 9 290 841 New Jersey
47%
États-Unis 8 535 519 Virginie
41%
Brésil 15 344 447 Bahia
35%
Brésil 11 322 900 Rio Grande do Sul
29%
Brésil 8 904 459 Ceará
18%
Brésil 21 168 791 Minas Gerais
18%
Brésil 11 433 957 Paraná
12%
Brésil 9 557 071 Pernambouc
12%
Aucun quiz correspondant
Distribution des résultats
% des personnes avec chaque résultat
Percentile par nombre de réponses
Votre historique - résultats
Vous n’avez pas pris ce quiz